Qlikview 11 for developers: develop business intelligence applications with qlikview 11. (Record no. 196246)
[ view plain ]
| 000 -LEADER | |
|---|---|
| fixed length control field | 00541nam a2200157Ia 4500 |
| 008 - FIXED-LENGTH DATA ELEMENTS--GENERAL INFORMATION | |
| fixed length control field | 210716s2012 xx 000 0 und d |
| 020 ## - INTERNATIONAL STANDARD BOOK NUMBER | |
| International Standard Book Number | 9781849686068 |
| 041 ## - LANGUAGE CODE | |
| Language code of text/sound track or separate title | eng |
| 082 ## - DEWEY DECIMAL CLASSIFICATION NUMBER | |
| Classification number | 658.4038011 GARM |
| 100 ## - MAIN ENTRY--PERSONAL NAME | |
| Personal name | Garcia, Miguel; Harmsen, Barry. |
| 245 ## - TITLE STATEMENT | |
| Title | Qlikview 11 for developers: develop business intelligence applications with qlikview 11. |
| Remainder of title | Develop business intelligence applications with qlikview 11. |
| 250 ## - EDITION STATEMENT | |
| Edition statement | 1 |
| 260 ## - PUBLICATION, DISTRIBUTION, ETC. | |
| Place of publication, distribution, etc. | Mumbai |
| Name of publisher, distributor, etc. | Packt Publishing Ltd |
| Date of publication, distribution, etc. | 2012 |
| 300 ## - PHYSICAL DESCRIPTION | |
| Extent | x,504 |
| 650 ## - SUBJECT ADDED ENTRY--TOPICAL TERM | |
| Topical term or geographic name entry element | Decision making(658.403) |
| Withdrawn status | Lost status | Damaged status | Not for loan | Collection code | Home library | Current library | Source of acquisition | Cost, normal purchase price | Total Checkouts | Full call number | Barcode | Date last seen | Cost, replacement price | Price effective from | Koha item type |
|---|---|---|---|---|---|---|---|---|---|---|---|---|---|---|---|
| MCA | St Aloysius Institute of Management & Information Technology | St Aloysius Institute of Management & Information Technology | Knowledge World | 1399.00 | 658.4038011 GARM | MCA15761 | 07/21/2025 | 1091.22 | 07/16/2021 | Book |